Synthesis of soil management options for better targeting of technologies and ecological resilience under variable environmental conditions (Record no. 59298)
[ view plain ]
| 000 -LEADER | |
|---|---|
| fixed length control field | 00882nam a2200181 a 4500 |
| 008 - FIXED-LENGTH DATA ELEMENTS--GENERAL INFORMATION | |
| fixed length control field | 120830s2008 ||||||||||||||||| || u |
| 050 ## - LIBRARY OF CONGRESS CALL NUMBER | |
| Classification number | RIHN(08)SERS/2008/1 |
| 100 ## - MAIN ENTRY--PERSONAL NAME | |
| Personal name | Mwale, Moses |
| 245 10 - TITLE STATEMENT | |
| Title | Synthesis of soil management options for better targeting of technologies and ecological resilience under variable environmental conditions |
| Statement of responsibility, etc. | By Moses Mwale |
| 260 ## - PUBLICATION, DISTRIBUTION, ETC. | |
| Place of publication, distribution, etc. | Kyoto |
| Name of publisher, distributor, etc. | Research Institute for Humanity and Nature (RIHN) |
| Date of publication, distribution, etc. | 2008 |
| 300 ## - PHYSICAL DESCRIPTION | |
| Extent | 13p. |
| 490 ## - SERIES STATEMENT | |
| Series statement | Social-Ecological Resilience Working Papers |
| 500 ## - GENERAL NOTE | |
| General note | Working Paper on Social-Ecological Resilience Series No. 2008-001 |
| 650 ## - SUBJECT ADDED ENTRY--TOPICAL TERM | |
| Topical term or geographic name entry element | SOIL FERTILITY--ZAMBIA |
| 650 ## - SUBJECT ADDED ENTRY--TOPICAL TERM | |
| Topical term or geographic name entry element | SOIL MANAGEMENT--ZAMBIA |
| 710 ## - ADDED ENTRY--CORPORATE NAME | |
| Corporate name or jurisdiction name as entry element | Research Institute for Humanity and Nature (RIHN) |
| 995 ## - RECOMMENDATION 995 [LOCAL, UNIMARC FRANCE] | |
| -- | CBU-MAIN LIBRARY (Kitwe) |
| -- | 1 |
| -- | AVAILABLE |
| -- | Aug 31, 2012 |
| -- | International Publications |
| Withdrawn status | Lost status | Source of classification or shelving scheme | Damaged status | Not for loan | Home library | Current library | Shelving location | Date acquired | Total Checkouts | Full call number | Barcode | Date last seen | Price effective from | Koha item type |
|---|---|---|---|---|---|---|---|---|---|---|---|---|---|---|
| CBU-MAIN LIBRARY, KITWE. | CBU-MAIN LIBRARY, KITWE. | 11/30/2022 | RIHN(08)SERS/2008/1 | B163 | 11/30/2022 | 11/30/2022 | MONOGRAPH |